[Event "SVK-chT U20 final"]
[Site "Banska Bystrica"]
[Date "2019.05.11"]
[Round "2.4"]
[White "Majirska, Karin"]
[Black "Nadzamova, Viktoria"]
[Result "0-1"]
[WhiteElo "1526"]
[BlackElo "1796"]
[PlyCount "50"]
[EventDate "2019.05.10"]
[EventType "team-tourn"]
[EventRounds "5"]
[EventCountry "SVK"]
[SourceTitle "EXT 2020"]
[Source "ChessBase"]
[SourceDate "2019.10.17"]
[SourceVersion "1"]
[SourceVersionDate "2019.10.17"]
[SourceQuality "1"]
[WhiteTeam "Michalovce Zemplin Junior"]
[BlackTeam "Kosice Slavia UPJS"]
[WhiteTeamCountry "SVK"]
[BlackTeamCountry "SVK"]

1. d4 d5 2. Bf4 Nf6 3. e3 e6 4. Nd2 Bd6 5. Bg3 c6 6. c3 Qc7 7. Bd3 Nbd7 8. Ngf3 0-0 9. Bxd6 Qxd6 10. Qc2 c5 11. c4 e5 12. dxe5 Nxe5 13. Nxe5 Qxe5 14. Nf3 Qh5 15. h3 Be6 16. Rd1 Rad8 17. cxd5 Bxd5 18. Be2 Be4 19. Qa4 Qg6 20. Rg1 Bc2 21. Qxa7 Bxd1 22. Bxd1 Qb1 23. Nd2 Qxb2 24. Qa5 b6 25. Nc4 Rxd1+ 0-1

[Event "SVK-ch U16/U20 Girls"]
[Site "Liptovsky Mikulas"]
[Date "2018.04.24"]
[Round "6"]
[White "Majirska, Karin"]
[Black "Taragelova, Martina"]
[Result "1/2-1/2"]
[WhiteElo "1545"]
[BlackElo "1810"]
[PlyCount "91"]
[EventDate "2018.04.21"]
[EventType "swiss"]
[EventRounds "9"]
[EventCountry "SVK"]
[SourceTitle "CBM 184 Extra"]
[Source "ChessBase"]
[SourceDate "2018.06.28"]
[SourceVersion "1"]
[SourceVersionDate "2018.06.28"]
[SourceQuality "1"]

1. e4 e5 2. d4 exd4 3. Qxd4 Nc6 4. Qe3 d6 5. Bd2 Nf6 6. Nc3 Be6 7. 0-0-0 g6 8. Be2 Bg7 9. h3 Qe7 10. f4 a6 11. Nf3 0-0-0 12. Nd4 Nxd4 13. Qxd4 Kb8 14. Qb4 Ka8 15. Bf3 c5 16. Qa5 Kb8 17. Rhe1 Qc7 18. Qxc7+ Kxc7 19. Nd5+ Bxd5 20. exd5 Ng8 21. Re2 Nh6 22. Ba5+ b6 23. Re7+ Rd7 24. Bxb6+ Kc8 25. Rde1 Bf6 26. Rxd7 Kxd7 27. Ba5 Rb8 28. b3 Bh4 29. Re2 Ng8 30. g4 h6 31. Bc3 Bf6 32. Bxf6 Nxf6 33. g5 hxg5 34. fxg5 Ng8 35. Bg4+ Kd8 36. h4 Rb7 37. Kd2 Re7 38. Rxe7 Nxe7 39. c4 Ng8 40. Kc3 a5 41. a3 Kc7 42. b4 axb4+ 43. axb4 cxb4+ 44. Kxb4 f5 45. Bf3 Ne7 46. Kb5 1/2-1/2

[Event "SVK-ch U16/20 Girls"]
[Site "Liptovsky Mikulas"]
[Date "2016.04.18"]
[Round "4"]
[White "Majirska, Karin"]
[Black "Poliakova, Emma"]
[Result "0-1"]
[WhiteElo "1528"]
[BlackElo "1849"]
[PlyCount "72"]
[EventDate "2016.04.16"]
[EventType "swiss"]
[EventRounds "9"]
[EventCountry "SVK"]
[SourceTitle "CBM 172 Extra"]
[Source "ChessBase"]
[SourceDate "2016.06.21"]
[SourceVersion "1"]
[SourceVersionDate "2016.06.21"]
[SourceQuality "1"]

1. e4 c5 2. Nf3 Nc6 3. Nc3 d6 4. d4 cxd4 5. Nxd4 e5 6. Nxc6 bxc6 7. Bc4 Nf6 8. Bg5 Be7 9. Bxf6 Bxf6 10. Qd2 Be6 11. Bb3 0-0 12. 0-0 Qc7 13. Rad1 Rad8 14. Qe3 Qb7 15. Rd3 d5 16. Na4 d4 17. Qg3 Qe7 18. c3 Bxb3 19. axb3 c5 20. Rc1 Rc8 21. f4 exf4 22. Qf3 Be5 23. cxd4 cxd4 24. Rxc8 Rxc8 25. Qg4 Qc7 26. h3 h6 27. h4 Qc1+ 28. Rd1 Qe3+ 29. Kh1 Rc1 30. h5 d3 31. b4 d2 32. Nc5 Rxd1+ 33. Qxd1 Qe1+ 34. Qxe1 dxe1Q+ 35. Kh2 Qg3+ 36. Kh1 f3 0-1

[Event "SVK-ch U14 Girls"]
[Site "Tatralandia"]
[Date "2015.04.23"]
[Round "7"]
[White "Majirska, Karin"]
[Black "Sankova, Stella"]
[Result "0-1"]
[WhiteElo "1282"]
[BlackElo "1848"]
[PlyCount "102"]
[EventDate "2015.04.18"]
[EventType "swiss"]
[EventRounds "9"]
[EventCountry "SVK"]
[SourceTitle "CBM 166 Extra"]
[Source "ChessBase"]
[SourceDate "2015.06.18"]
[SourceVersion "1"]
[SourceVersionDate "2015.06.18"]
[SourceQuality "1"]

1. e4 c5 2. d3 Nc6 3. Nd2 e6 4. Ngf3 d5 5. g3 Nf6 6. Bg2 dxe4 7. dxe4 e5 8. 0-0 Be7 9. Re1 0-0 10. Qe2 Nd4 11. Nxd4 cxd4 12. Nc4 Bb4 13. Rd1 Qc7 14. a3 Bc5 15. Bg5 Bg4 16. Bf3 Bxf3 17. Qxf3 Be7 18. Qe2 Rac8 19. b3 b5 20. Nb2 Qxc2 21. Qxc2 Rxc2 22. Nd3 Bd6 23. Bxf6 gxf6 24. Ne1 Rc3 25. b4 Rfc8 26. Ng2 Rb3 27. Nh4 Rc2 28. Nf5 Bf8 29. Rdc1 Rbc3 30. Rxc2 Rxc2 31. a4 Bxb4 32. axb5 Bc5 33. Ra6 Bb6 34. Ne7+ Kf8 35. Nd5 d3 36. Ra1 d2 37. Rd1 Rc1 38. Ne3 Bxe3 39. Rxc1 dxc1Q+ 40. Kg2 Qd2 41. Kh3 Qxf2 42. Kg4 h5+ 43. Kxh5 Qe2+ 44. Kh4 Bg5+ 45. Kh3 Qxb5 46. Kg4 Qe2+ 47. Kh3 Qf1+ 48. Kg4 Qg2 49. h4 Qxe4+ 50. Kh3 f5 51. hxg5 Qh1# 0-1

[Event "SVK-ch U14 Girls"]
[Site "Tatralandia"]
[Date "2015.04.20"]
[Round "4"]
[White "Majirska, Karin"]
[Black "Sobekova, Adela"]
[Result "1-0"]
[WhiteElo "1282"]
[BlackElo "1000"]
[PlyCount "109"]
[EventDate "2015.04.18"]
[EventType "swiss"]
[EventRounds "9"]
[EventCountry "SVK"]
[SourceTitle "CBM 166 Extra"]
[Source "ChessBase"]
[SourceDate "2015.06.18"]
[SourceVersion "1"]
[SourceVersionDate "2015.06.18"]
[SourceQuality "1"]

1. e4 e5 2. Nf3 Nc6 3. Bc4 Nf6 4. d3 Be7 5. 0-0 0-0 6. Nc3 d6 7. h3 a6 8. a4 Nd7 9. d4 exd4 10. Nxd4 Nxd4 11. Qxd4 Bf6 12. Qe3 Nc5 13. Re1 Re8 14. Qf3 Be6 15. Bxe6 Rxe6 16. Bf4 Bg5 17. Nd5 Bxf4 18. Nxf4 Rf6 19. Qg3 h6 20. Nd3 Nxd3 21. Qxd3 Qe7 22. Re3 Qe5 23. c3 Qf4 24. Rf3 Qg5 25. Rxf6 Qxf6 26. Rd1 Re8 27. f3 Qg5 28. Qd5 Qe3+ 29. Kh1 Qb6 30. Qd2 Re5 31. Qc2 Qc6 32. Rd2 Ra5 33. Rd4 b5 34. b3 bxa4 35. Rxa4 Rc5 36. c4 d5 37. exd5 Rxd5 38. Rxa6 Qxa6 39. cxd5 Qd6 40. Qc6 Kf8 41. Qxd6+ cxd6 42. Kg1 Ke7 43. Kf2 Kf6 44. f4 g5 45. g3 Kf5 46. Ke3 g4 47. hxg4+ Kxg4 48. b4 Kxg3 49. b5 h5 50. b6 h4 51. b7 h3 52. b8Q h2 53. Qg8+ Kh3 54. Kf2 h1Q 55. Qg3# 1-0

[Event "Humenne Reinter op"]
[Site "Humenne"]
[Date "2015.??.??"]
[Round "4"]
[White "Ondo, Tomas"]
[Black "Majirska, Karin"]
[Result "1-0"]
[WhiteElo "1664"]
[BlackElo "1493"]
[PlyCount "119"]
[EventDate "2015.06.12"]
[EventType "swiss"]
[EventRounds "7"]
[EventCountry "SVK"]
[SourceTitle "CBM 167 Extra"]
[Source "ChessBase"]
[SourceDate "2015.09.14"]
[SourceVersion "1"]
[SourceVersionDate "2015.09.14"]
[SourceQuality "1"]

1. e4 e5 2. c4 Nf6 3. Nc3 Bc5 4. g3 d6 5. h3 Nc6 6. Bg2 Be6 7. d3 Qd7 8. Nge2 0-0-0 9. a3 Rhe8 10. b4 Bd4 11. Nxd4 Nxd4 12. Be3 Nc6 13. Ne2 Ng8 14. Qa4 a6 15. Rb1 Nce7 16. b5 c5 17. Bd2 Rf8 18. Nc3 f5 19. bxa6 Qxa4 20. axb7+ Kb8 21. Nxa4 fxe4 22. Bxe4 d5 23. cxd5 Bxd5 24. Nxc5 Bxe4 25. dxe4 Nc6 26. Ne6 Rxd2 27. Kxd2 Rxf2+ 28. Ke3 Rf7 29. Nc5 Nf6 30. Na6+ Ka7 31. b8Q+ Nxb8 32. Nxb8 Rc7 33. Rhd1 Rc4 34. Rd6 Rxe4+ 35. Kd3 Ra4 36. Rb3 e4+ 37. Ke3 h6 38. Rd4 Rxd4 39. Kxd4 g5 40. Nc6+ Ka6 41. Re3 h5 42. Rxe4 Nxe4 43. Kxe4 Kb6 44. Nd4 Ka5 45. Nc2 Kb5 46. Kd5 Kb6 47. Kc4 Kc6 48. a4 Kb6 49. Kb4 Kb7 50. Kb5 Kc7 51. a5 Kb7 52. a6+ Kc7 53. Ne3 Kb8 54. Kb6 Ka8 55. Nd5 Kb8 56. a7+ Kc8 57. a8Q+ Kd7 58. Qf8 h4 59. Qe7+ Kc8 60. Qe8# 1-0

[Event "SVK-ch U14 Girls"]
[Site "Stara Lubovna"]
[Date "2014.04.12"]
[Round "7"]
[White "Majirska, Karin"]
[Black "Tomcikova, Zuzana"]
[Result "1/2-1/2"]
[WhiteElo "1102"]
[BlackElo "1570"]
[PlyCount "47"]
[EventDate "2014.04.05"]
[EventType "swiss"]
[EventRounds "7"]
[EventCountry "SVK"]
[SourceTitle "EXT 2016"]
[Source "ChessBase"]
[SourceDate "2015.10.08"]
[SourceVersion "1"]
[SourceVersionDate "2015.10.08"]
[SourceQuality "1"]

1. e4 c6 2. d4 d5 3. Nc3 dxe4 4. Nxe4 Nf6 5. Nc3 Bf5 6. Bc4 e6 7. h3 Bb4 8. Bd2 Qxd4 9. Be2 0-0 10. Nf3 Qd6 11. 0-0 Ba5 12. Qc1 Bc7 13. Rd1 Ne4 14. Be3 Qe7 15. Bd4 Nd7 16. Bd3 Nxc3 17. Bxc3 Bxd3 18. Rxd3 Nf6 19. Ne5 Rfd8 20. Rg3 Nh5 21. Rg4 f6 22. Nd3 Qd6 23. g3 Qd5 24. Qe3 1/2-1/2

[Event "SVK-ch U12 Girls"]
[Site "Lubovna"]
[Date "2013.04.13"]
[Round "9"]
[White "Majirska, Karin"]
[Black "Ucekajova, Veronika"]
[Result "1/2-1/2"]
[WhiteElo "1000"]
[BlackElo "1461"]
[PlyCount "55"]
[EventDate "2013.04.06"]
[EventType "swiss"]
[EventRounds "9"]
[EventCountry "SVK"]
[SourceTitle "CBM 153 Extra"]
[Source "ChessBase"]
[SourceDate "2013.04.22"]
[SourceVersion "1"]
[SourceVersionDate "2013.04.22"]
[SourceQuality "1"]

1. e4 e6 2. Bc4 d5 3. exd5 exd5 4. Bb3 c6 5. h3 Bd6 6. d3 Bf5 7. Ne2 Nd7 8. 0-0 Qc7 9. f4 h6 10. Nd4 Bc5 11. c3 Bxd4+ 12. cxd4 0-0-0 13. Nc3 Ngf6 14. Na4 h5 15. Nc5 Nxc5 16. dxc5 Qe7 17. Re1 Qxc5+ 18. d4 Qd6 19. Re5 g6 20. Qe1 Rhe8 21. Qa5 a6 22. Bd2 Qc7 23. Qc5 Ne4 24. Qc1 f6 25. Rxe8 Rxe8 26. Qe1 Qe7 27. Bb4 Qe6 28. Qc1 1/2-1/2

[Event "SVK-ch U12 Girls"]
[Site "Lubovna"]
[Date "2013.04.06"]
[Round "1"]
[White "Majirska, Karin"]
[Black "Trojkova, Michaela"]
[Result "0-1"]
[WhiteElo "1000"]
[BlackElo "1206"]
[PlyCount "124"]
[EventDate "2013.04.06"]
[EventType "swiss"]
[EventRounds "9"]
[EventCountry "SVK"]
[SourceTitle "CBM 153 Extra"]
[Source "ChessBase"]
[SourceDate "2013.04.22"]
[SourceVersion "1"]
[SourceVersionDate "2013.04.22"]
[SourceQuality "1"]

1. e4 e5 2. Bc4 Nf6 3. d3 h6 4. Nf3 Nc6 5. 0-0 d6 6. h3 Be7 7. Nc3 0-0 8. Be3 Be6 9. Bb5 Qd7 10. d4 a6 11. d5 axb5 12. Nxb5 Nxe4 13. dxe6 fxe6 14. Nbd4 exd4 15. Nxd4 Nxd4 16. Bxd4 e5 17. Be3 Bg5 18. Qd5+ Kh8 19. Qxe4 Bxe3 20. Qxe3 Qf5 21. c3 Qc2 22. Rfb1 Rf6 23. g4 Raf8 24. Rc1 Qxf2+ 25. Qxf2 Rxf2 26. Rf1 Rxf1+ 27. Rxf1 Rxf1+ 28. Kxf1 g5 29. a4 c6 30. b4 Kg7 31. Ke2 Kf6 32. Kd3 d5 33. b5 cxb5 34. axb5 b6 35. Ke3 Ke6 36. Kd3 Kd6 37. c4 Kc5 38. cxd5 Kxd5 39. Ke3 e4 40. Ke2 Kd4 41. Ke1 e3 42. Ke2 Ke4 43. Ke1 Kf3 44. Kf1 Kg3 45. Ke2 Kxh3 46. Kxe3 Kxg4 47. Kf2 h5 48. Kg2 h4 49. Kh2 Kf4 50. Kh3 Kf3 51. Kh2 g4 52. Kg1 g3 53. Kh1 h3 54. Kg1 h2+ 55. Kh1 g2+ 56. Kxh2 Kf2 57. Kh3 g1Q 58. Kh4 Kf3 59. Kh5 Kf4 60. Kh6 Kf5 61. Kh7 Kf6 62. Kh8 Qg7# 0-1